Регионална библиотека "Любен Каравелов" - Русе

Велики химици (Запис номер 170315)

MARC детайли
000 -Лидер
Контролно поле с фиксирана дължина 01824nam a2200361 c 4500
003 - Код на организацията, давaща контролен номер
Контролно поле BLK
005 - Дата и час на последна редакция
Контролно поле 20250604153246.0
008 - Елементи от данни с фиксирана дължина
fixed length control field 180411b bul|||||r ||||||| ||bul||
010 ## - Наследен системен номер
LC control number KNG00178448000
040 ## - Източник на каталожния запис
Идентификатор на билиотеката - собственик на записа BLK
041 ## - Код за език
Код за езика на текст/звукозапис или на отделно заглавие Български
Код за езика КДБФ Български
080 ## - УДК
Текстов определител УДК Химия. Кристалография. Минералогия. Вж и 577.1; 66; 612.015; 631.41
УДК код - определител по УДК 54
УДК определител (092)
УДК - код + определител 54(092)
080 ## - УДК
Текстов определител УДК Биографии
УДК код - определител по УДК 929
УДК определител (100)
УДК - код + определител 929(100)
100 ## - Редна дума - Автор
Автор Манолов, Калоян Русев
Дати, свързани с автора 1930 -
Автор - информация (биография) Химик.
R(LIN) 271918
139 ## - Редно поле
Редна дума Манолов, Калоян Русев
Авторски знак Мано - М 27
245 10 - Сведения за заглавието
Заглавие Велики химици
Подзаглавни данни Разкази в 4 т. -
Редно поле (дума) Калоян Русев Манолов.
Том Т. 1
250 ## - Област на изданието
Сведения за изданието 2. изд.
257 ## - Страна на издаване
Страна на създаване/издаване България
260 ## - Област на издателските данни
-- София
Име на издателя, разпространителя и проч. Нар. просв.
Година на издаване 1981 -
300 ## - Физическа характеристика
Размери/Мащаб 18 см
380 ## - Жанр
Жанр Естествени науки. Математика
500 ## - Общи забележки
Забележка Авт. не е отбелязан на кор. - 5 505 тир. - Рез. на рус., англ., нем. ез.
653 ## - Ключова дума – ненормативна
Ключова дума химици
653 ## - Ключова дума – ненормативна
Ключова дума биографии
653 ## - Ключова дума – ненормативна
Ключова дума свят
760 1# - Описание на основната серия
Редна дума на основното описание Манолов, Калоян Русев
Издание 2. изд.
Място на издаване, издател и година 1981
Страници - том 320 с. : с ил., портр.
Забележка - том 1. изд. 1969. - Биогр. очерци за Й. Р. Глаубер, Р. Бойл, М. В. Ломоносов, Джозеф Пристли, Карл В. Шееле, Антоан Л. Лавоазие, К. Л. Бертоле, Жозеф Л. Пруст, Джон Далтон, Жозеф-Луи Гей-Люсак, Хъмфри Дейви, Майкъл Фарадей.
Заглавие Т. 1
852 ## - Местоположение
Форматна сигнатура Цб І 19381
856 4# - Електронен адрес и достъп
Електронен формат pdf - файл
Път до файла /url/
856 4# - Електронен адрес и достъп
Електронен формат pdf - файл
Път до файла /url/
942 ## - АРТИКУЛИ
Вид на библиотечния материал Книги
Скрит в OPAC Не
Koha issues (borrowed), all copies 1
944 ## - СЪЗДАВАНЕ И РЕДАКЦИЯ на ЗАПИСА
Създаване/Редакция Създаване
Дата на регистрацията/редакция 18.07.2015
Статус, дата на статуса Геновева Генчева
Служител, извършил регистрацията/редакцията 30560
944 ## - СЪЗДАВАНЕ И РЕДАКЦИЯ на ЗАПИСА
Създаване/Редакция Редакция
Дата на регистрацията/редакция 21.09.2017
Статус, дата на статуса 18.07.2015 - от С1,Р / 18.07.2015
Служител, извършил регистрацията/редакцията Севдалина_Василева
999 ## - СИСТЕМНИ КОНТРОЛНИ НОМЕРА
Koha biblionumber 170315
Koha biblioitemnumber 170315
Наличности
Код за отписване Код за изгубен артикул Източник на класификационната схема Код за повреда Коз за рестрикции Код за отдаване Артикулен № Име на библиотеката - собственик Име на библиотеката, в която се намира в момента Статус (Текущо местоположение) Дата на вписване в системата Местоположение - отдел Цена в лева Инвентарен номер Систематично азбучна сигнатура Баркод Номер на екземпляра Цена в евро Служебна бележка Служебен тип на артикула Бележка за публиката
  Не е изгубен Universal Decimal Classification Не е повреден само за читалня ползва се в читалня 288453 Регионална библиотека "Любен Каравелов" Русе Регионална библиотека "Любен Каравелов" Русе Хранилище 1981-01-01 Хранилище 1.64 343527 Цб І 19381 120000343527 1 0.84 Вид: СФ N: Сф Дата: 01.01.1981 Книги  
Изтеглен Не е изгубен Universal Decimal Classification Не е повреден без рестрикции заемане за дома 288454 Регионална библиотека "Любен Каравелов" Русе Регионална библиотека "Любен Каравелов" Русе Заемна - подръчен фонд 1981-01-01 Заемна - подръчен фонд 1.64 345531 П 54(092)/М 27 345531 2 0.84 Вид: Сф N: Сф Дата: 01.01.1981 Книги  
  Не е изгубен Universal Decimal Classification Не е повреден без рестрикции заемане за дома 288455 Регионална библиотека "Любен Каравелов" Русе Регионална библиотека "Любен Каравелов" Русе Заемна - подръчен фонд 1981-01-01 Заемна - подръчен фонд 1.64 345534 П 54(092)/М 27 120000345534 3 0.84 Вид: Сф N: Сф Дата: 01.01.1981 Дата инв: 02.02.2018 Бележки инв: П2018 Книги  
Изтеглен Не е изгубен   Не е повреден без рестрикции заемане за дома 288456 Регионална библиотека "Любен Каравелов" Русе Регионална библиотека "Любен Каравелов" Русе   1981-01-01 Детски отдел 1.64 345991 ДН 54/М 27 345991 4 0.84 Вид: Сф N: Сф Дата: 01.01.1981 Дата инв: 01.10.2015 Бележки инв: Д2015 Книги Отч.N: 39/2017 , Дата: 07.09.2017
Vip Innovations Ltd, Rousse, Bulgaria 2025